[Event "Nancy-B"]
[Site "Nancy"]
[Date "2010.02.23"]
[Round "3"]
[White "Marzolo, Cyril"]
[Black "Brethes, Francois"]
[Result "0-1"]
[WhiteElo "2480"]
[BlackElo "2257"]
[PlyCount "64"]
[EventDate "2010.02.22"]
[EventType "tourn"]
[EventRounds "9"]
[EventCountry "FRA"]
[EventCategory "5"]
[SourceTitle "CBM 135 Extra"]
[Source "ChessBase"]
[SourceDate "2010.05.04"]
[SourceVersion "1"]
[SourceVersionDate "2010.05.04"]
[SourceQuality "1"]

1. d4 d5 2. Nf3 e6 3. c4 dxc4 4. Nc3 a6 5. e3 c5 6. Bxc4 Nf6 7. 0-0 b5 8. Bb3 Bb7 9. Qe2 Nc6 10. Rd1 Qb6 11. a4 Na5 12. Bc2 b4 13. Nb1 c4 14. Nbd2 b3 15. Bb1 c3 16. bxc3 b2 17. Bxb2 Qxb2 18. Bd3 Ba3 19. c4 Bxf3 20. gxf3 0-0 21. Rdb1 Qc3 22. c5 Bb4 23. Ra2 e5 24. dxe5 Nd5 25. f4 Qxc5 26. Ne4 Qc6 27. Rc2 Qh6 28. Kh1 Nc6 29. Qf3 Rac8 30. Ng3 Nc3 31. Nf5 Qe6 32. Nd4 Nxd4 0-1